[Event "Stay Safe Play From Home"]
[Site "T#646156Emanuel Laske"]
[Date "2020.05.18"]
[Round "7"]
[White "SoulofWolf"]
[Black "Little champs"]
[Result "0-1"]
[WhiteElo "2134"]
[BlackElo "2207"]
[Annotator "TA"]
[PlyCount "74"]
[EventDate "2020.05.18"]
[EventType "swiss (blitz)"]

{[%evp 9,73,-40,-14,-43,-40,-80,-48,-90,-66,-412,-409,-417,-418,-464,-476,-472,-461,-789,-641,-913,-896,-1016,-1034,-1150,-854,-1142,-948,-1095,-1082,-1038,-885,-1190,-1214,-1199,-795,-1183,-940,-1984,-1991,-2488,-2350,-29990,-29991,-29994,-2774,-2263,-1660,-2452,-2473,-2480,-2176,-2196,-2080,-2126,-937,-1672,-1652,-1504,-1439,-29995,-29996,-29997,-29998,-29998,-29999,-29999]} 1. d3 Nf6 2. Nf3 g6 3. Bd2 ({Predecessor:} 3. e4 Bg7 4. Be2 c5 5. c3 O-O 6. O-O Nc6 7. Nbd2 e5 8. Nc4 d6 9. Bg5 h6 10. Bh4 Be6 11. Ne3 Qb6 12. Qc2 Nh5 13. Nd2 Nf4 14. Bf3 Qc7 {0-1 (39) Romanov,E (2626)-Urkedal,F (2570) Kristiansund 2017}) 3... Bg7 4. Bc3 O-O 5. e4 d6 6. b3 {A05: Réti Opening: 1 Nf3 Nf6.} e5 7. Qc1 Ne8 8. Qb2 {Black is slightly better.} f5 9. g3 $2 {[%mdl 8192]} (9. b4 $15) 9... fxe4 $19 {[%mdl 64] [#] Discovered Attack} 10. dxe4 Rxf3 11. Be2 Rf8 12. Nd2 Nc6 13. Kd1 (13. b4 $142) 13... Be6 14. a4 Rxf2 15. Re1 Nf6 16. b4 Ng4 17. b5 Ne3+ 18. Kc1 Nd4 19. Bd3 Ng2 20. Rg1 Bh6 21. Kb1 Qf6 22. Nc4 Rf8 23. Ka2 Ne3 {[%mdl 64] [#] Discovered Attack} 24. Be1 Nxc4 25. Bxc4 Bxc4+ 26. Ka3 Rf3+ (26... Nxc2+ $142 27. Qxc2 {[%mdl 64] Remove Defender} Rxc2 28. Rb1 Qf3+ 29. Kb4 b6 30. h4 a5+ 31. bxa6 c5#) 27. c3 Ne6 28. Rc1 Qe7 {( -> ...d5+)} 29. Rc2 d5+ 30. Qb4 Qxb4+ 31. Kxb4 dxe4 32. g4 Bd5 {White must now prevent ...Be3.} 33. g5 Bxg5 34. c4 Be7+ {Black mates.} 35. Ka5 b6+ 36. Ka6 Nc5+ {[%mdl 64] Double Attack} 37. Kxa7 Ra8# {White did not feel at home in the position after the opening. Accuracy: White = 17%, Black = 86%.} 0-1

[Event "Stay Safe Play From Home"]
[Site "T#646156Emanuel Laske"]
[Date "2020.05.18"]
[Round "7"]
[White "Panini-Peter"]
[Black "Mepe_Nika"]
[Result "0-1"]
[WhiteElo "2054"]
[BlackElo "2305"]
[Annotator "TA"]
[PlyCount "120"]
[EventDate "2020.05.18"]
[EventType "swiss (blitz)"]

{[%evp 17,120,8,4,0,6,-37,-12,-14,25,30,67,62,89,0,0,0,0,0,0,0,-6,0,10,0,29,0,0,-94,-110,-127,-4,-12,0,-24,-26,-45,-25,-50,-37,-52,-45,-62,-13,-100,-77,-254,-240,-247,-244,-303,-132,-316,-318,-456,-252,-433,-237,-316,-316,-316,-316,-316,-303,-314,-299,-307,-305,-285,-262,-682,-668,-683,-667,-803,-781,-1161,-3347,-2459,-2218,-29957,-12818,-10502,-12333,-6709,-1859,-6215,-5990,-6214,-6183,-29971,-29973,-29969,-591,-559,0,-6187,0,-5746,-5832,-2710,-4618,-3054,-2435,-5729,-5617]} 1. d4 d5 2. c4 c6 3. Nf3 Nf6 4. g3 Bf5 5. Bg2 e6 6. Nbd2 Nbd7 7. O-O Bd6 8. b3 h6 9. Bb2 O-O {9...Qb8 is the fancy move.} 10. Re1 {D11: Slav Defence: 3 Nf3 sidelines and 3...Nf6 4 e3 Bg4.} Ne4 11. Ne5 {[#]} (11. Nxe4 {feels hotter.} Bxe4 12. e3 a5 13. a3 a4 14. c5) 11... Nxd2 $146 ({Predecessor:} 11... Bb4 12. Nxd7 Qxd7 13. Nxe4 Bxe4 14. Rf1 Bxg2 15. Kxg2 f5 16. e3 Rf6 17. Qd3 g5 {½-½ (38) Leolko,L (1901)-Korolkov,A (1734) Voronezh 2018}) 12. Qxd2 {The position is equal.} Bxe5 13. dxe5 dxc4 14. bxc4 Nb6 15. Qc3 (15. Qb4 $16) 15... Na4 $11 16. Qb3 Nxb2 17. Qxb2 Qb6 18. Qxb6 axb6 19. e4 Bg6 20. f3 Ra4 21. Bf1 Rfa8 22. Re2 (22. Red1 $11) 22... Rxc4 $17 23. Rb2 Rc5 (23... Rc3 $17 24. Bg2 b5) 24. Rxb6 $11 Ra7 25. a4 Rxe5 26. Kf2 Rea5 27. Ke3 f6 28. Bd3 Be8 29. Bc2 e5 30. Bb3+ (30. Rab1 $11) 30... Bf7 {Black continues to play with concentration.} 31. Rd1 $2 (31. Bxf7+ $17 Kxf7 32. Rab1) 31... Bxb3 $19 32. Rxb3 Rxa4 {[%mdl 4096] Endgame KRR-KRR} 33. Rd7 Ra3 {[#]} (33... b5 $19 34. Rbd3 Rxd7 35. Rxd7 Ra3+ 36. Rd3 Rxd3+ 37. Kxd3 c5) 34. Rxa3 $2 (34. Rdxb7 $1 $17 {[%mdl 512] was the only chance.} Rxb3+ (34... Rxb7 35. Rxa3) 35. Rxb3) 34... Rxa3+ $17 {KR-KR} 35. Kd2 (35. Ke2 $142) 35... Rb3 (35... Rxf3 $142 36. Rxb7 Rf2+ {[%mdl 64] Double Attack} 37. Ke3 Rxh2) 36. Kc2 $2 (36. f4 {was worth a try.}) 36... Rb4 (36... Rxf3 $142 37. Rxb7 Rf2+ 38. Kd3 Rxh2) 37. Kc3 c5 38. Rc7 b6 39. Rc6 Kh7 40. h4 Kg6 41. g4 h5 42. g5 Rb1 43. Kc2 $2 (43. gxf6 gxf6 44. Kd3) 43... Rh1 $19 44. gxf6 gxf6 45. Rxb6 Rxh4 46. Rc6 Rf4 47. Kd2 Rxf3 48. Rxc5 Rf4 (48... h4 $142 49. Rc8 h3 50. Ke2 Rf4 51. Rh8 Rxe4+ 52. Kd2 Ra4 53. Rxh3 Ra2+ 54. Kd1 f5 55. Rd3 f4 56. Rd6+ Kf5 57. Rd8 e4 58. Re8 f3 59. Ke1 Kf4 60. Rf8+ Ke3 61. Kd1 f2 62. Rf7 f1=Q+ $1 {[%mdl 512]} 63. Rxf1 Kd3 64. Kc1 Ra1+ 65. Kb2 Rxf1 66. Kb3 Rb1+ 67. Ka3 e3 68. Ka4 e2 69. Ka5 Ke4 70. Ka4 e1=Q 71. Ka3 Qa5#) 49. Ke3 Kg5 50. Rc2 Rg4 (50... h4 $142 51. Rh2 Rg4) 51. Rf2 h4 52. Rf5+ Kg6 53. Rf2 Rg3+ 54. Ke2 Kg5 (54... h3 $142 55. Kf1 Kh5 56. Re2 Kg4 57. Ra2 Kf4 58. Re2 Kf3 59. Rh2 Kxe4 60. Rh1 f5 61. Kf2 f4 62. Re1+ Kf5 63. Rb1 Rg2+ 64. Kf1 f3 65. Rb7 h2 66. Rh7 e4 67. Rh3 Kf4 68. Ke1 e3 69. Kd1 Rd2+ 70. Ke1 f2+ 71. Kf1 Rd1+ 72. Kg2 f1=Q+ 73. Kxh2 Qh1#) 55. Rf5+ Kg6 (55... Kg4 $142 56. Rxf6 h3 57. Rg6+ {[#]} Kf4 $1 {[%mdl 512]}) 56. Rf2 $1 Rg4 57. Ke3 $1 {[#]} Rf4 $1 {( -> ...Rxf2). Black is clearly winning.} 58. Rg2+ (58. Rxf4 exf4+) 58... Kh5 59. Rh2 Rg4 60. Rh1 Rg3+ {Accuracy: White = 40%, Black = 55%.} 0-1

[Event "Stay Safe Play From Home"]
[Site "T#646156Emanuel Laske"]
[Date "2020.05.18"]
[Round "7"]
[White "Greblah"]
[Black "Haxhi Baha"]
[Result "0-1"]
[WhiteElo "1853"]
[BlackElo "1949"]
[Annotator "TA"]
[PlyCount "60"]
[EventDate "2020.05.18"]
[EventType "swiss (blitz)"]

{[%evp 9,59,4,58,56,66,51,64,47,41,56,35,34,64,25,65,19,324,54,43,39,57,45,35,16,74,63,246,239,381,383,371,103,104,101,104,95,95,-1282,-1231,-881,-219,-781,-175,-175,-135,-607,-543,-29989,-995,-700,-62,-29999]} 1. e4 e6 2. Qe2 d5 3. exd5 Qxd5 4. Nc3 Qd8 5. g3 c6 (5... Ne7 $11) 6. Bg2 {C00: French: Unusual White 2nd moves.} Nf6 7. Nf3 Be7 8. d3 {White is slightly better.} O-O 9. O-O Nbd7 10. Bf4 Nb6 {[#]} 11. Ne5 $146 ({Predecessor:} 11. Rfe1 Nbd5 12. Nxd5 Nxd5 13. Bd2 Qb6 14. c4 Nf6 15. Bc3 Bd7 16. a3 Qc7 17. Ne5 {½-½ (49) Encarnacao,R-Hamel,O (1998) Dos Hermanas 2003}) 11... Bd6 12. Rfe1 Nfd7 $2 {[%mdl 8192]} (12... Nfd5 $11) 13. b3 $2 ({Better is} 13. Nxc6 $18 bxc6 14. Bxd6) 13... Bxe5 $14 14. Bxe5 Nxe5 15. Qxe5 Nd5 16. Nxd5 cxd5 (16... exd5 $11 17. c4 dxc4) 17. c4 $16 {[%cal Rc4d5]} b6 $2 (17... f6 $14 18. Qc3 d4) 18. cxd5 $18 Bb7 (18... f6 $142 19. Qe4 e5) 19. dxe6 Bxg2 20. exf7+ $2 ({Not} 20. Kxg2 fxe6 21. Qxe6+ Kh8 $18) (20. e7 $18 {and the rest is easy.} Qd5 21. exf8=N Rxf8 22. Qxd5 Bxd5 23. Re7) 20... Rxf7 $16 {[#] ...Bb7 is the strong threat.} 21. Kxg2 Qxd3 22. Re3 Qd2 23. Rae1 $2 {[%mdl 8192]} (23. Re2 $16 Qd7 24. Qe4) 23... Rxf2+ $19 24. Kh3 Rxh2+ 25. Kg4 {Qe6+ would kill now.} h5+ $2 (25... Rf8 {( -> ...Qg2!)} 26. Qe6+ Kh8) 26. Kg5 Rf8 {White must now prevent ...Rhf2.} 27. Qe6+ $2 {[%mdl 8192]} (27. Kg6 $17 Qc2+ 28. Qe4) 27... Kh8 28. Qc4 Rhf2 (28... Qd8+ $142 29. Re7 Qd6 30. Rf7 Qh6+ 31. Kf5 Rf2+ 32. Ke4 Re8+ 33. Kd5 Rd2+ 34. Qd3 Rd8+ {[%mdl 64] Skewer} 35. Ke4 Qe6+ {[%mdl 64] Double Attack} 36. Kf4 Qg4+ 37. Ke5 R2xd3 38. Rf8+ Rxf8 39. Rh1 Qf5#) 29. Qd3 R2f5+ $2 (29... Qb4 $19 {[%csl Gh5][%cal Rb4g4]} 30. Re4 Qc5+ 31. Re5 Qc6) 30. Kh4 $2 {[%mdl 8192] [#]} (30. Qxf5 $15 Rxf5+ 31. Kxf5) 30... Qh2# {What a bad dream for White. Accuracy: White = 42%, Black = 45%.} 0-1

[Event "Stay Safe Play From Home"]
[Site "T#646156Emanuel Laske"]
[Date "2020.05.18"]
[Round "7"]
[White "Tavares"]
[Black "Don59as"]
[Result "0-1"]
[WhiteElo "1699"]
[BlackElo "2074"]
[Annotator "NA RC"]
[PlyCount "58"]
[EventDate "2020.05.18"]
[EventType "swiss (blitz)"]

1. d4 {[%emt 0:00:03]} d5 {[%emt 0:00:01]} 2. c4 {[%emt 0:00:01]} e5 {[%emt 0:00:01]} 3. dxe5 {[%emt 0:00:01]} d4 {[%emt 0:00:00]} 4. e4 {[%emt 0:00:00]} Nc6 {[%emt 0:00:01]} 5. f4 {[%emt 0:00:00]} g5 {[%emt 0:00:02]} 6. fxg5 {[%emt 0:00:02]} Nxe5 {[%emt 0:00:02]} 7. Nf3 {[%emt 0:00:01]} Bg4 {[%emt 0:00:04]} 8. Be2 {[%emt 0:00:04]} d3 {[%emt 0:00:04]} 9. Nxe5 {[%emt 0:00:14]} Bxe2 {[%emt 0:00:01]} 10. Qa4+ {[%emt 0:00:03]} c6 {[%emt 0:00:01]} 11. Nxc6 {[%emt 0:00:02]} Qd7 {[%emt 0:00:01]} 12. Nc3 {[%emt 0:00:02]} Qxc6 {[%emt 0:00:01]} 13. Qb3 {[%emt 0:00:03]} Bc5 {[%emt 0:00:03]} 14. Bd2 {[%emt 0:00:01]} Ne7 {[%emt 0:00:01]} 15. Nd5 {[%emt 0:00:00]} Nxd5 {[%emt 0:00:01]} 16. cxd5 {[%emt 0:00:00]} Qd6 {[%emt 0:00:01]} 17. Rc1 {[%emt 0:00:02]} b6 {[%emt 0:00:02]} 18. Qa4+ {[%emt 0:00:02]} Qd7 {[%emt 0:00:02]} 19. Qb3 {[%emt 0:00:02]} Qg4 {[%emt 0:00:01]} 20. Rxc5 {[%emt 0:00:06]} bxc5 {[%emt 0:00:03]} 21. Qb7 {[%emt 0:00:01]} Rd8 {[%emt 0:00:02]} 22. Rg1 {[%emt 0:00:02]} O-O {[%emt 0:00:03]} 23. Qb5 {[%emt 0:00:02]} Qxe4 {[%emt 0:00:02]} 24. Qxc5 {[%emt 0:00:01]} Qxd5 {[%emt 0:00:01]} 25. Qf2 {[%emt 0:00:01]} Qd4 {[%emt 0:00:01]} 26. Qxd4 {[%emt 0:00:01]} Rxd4 {[%emt 0:00:01]} 27. Be3 {[%emt 0:00:00]} Re4 {[%emt 0:00:01]} 28. Kd2 {[%emt 0:00:00]} Rfe8 {[%emt 0:00:02]} 29. Bc5 {[%emt 0:00:01]} R4e5 {[%emt 0:00:01] Time (Lag: Av=0.63s, max=1.0s)} 0-1

[Event "Stay Safe Play From Home"]
[Site "T#646156Emanuel Laske"]
[Date "2020.05.18"]
[Round "7"]
[White "Haris kollari 13"]
[Black "Trotsky"]
[Result "1-0"]
[WhiteElo "1660"]
[BlackElo "1576"]
[Annotator "NA RC"]
[PlyCount "63"]
[EventDate "2020.05.18"]
[EventType "swiss (blitz)"]

1. e4 {[%emt 0:00:01]} c5 {[%emt 0:00:01]} 2. f4 {[%emt 0:00:01]} e6 {[%emt 0:00:00]} 3. Nf3 {[%emt 0:00:00]} d5 {[%emt 0:00:01]} 4. e5 {[%emt 0:00:01]} Nc6 {[%emt 0:00:01]} 5. c3 {[%emt 0:00:00]} Qc7 {[%emt 0:00:01]} 6. d4 {[%emt 0:00:01]} Bd7 {[%emt 0:00:01]} 7. Be3 {[%emt 0:00:01]} c4 {[%emt 0:00:02]} 8. Be2 {[%emt 0:00:01]} f6 {[%emt 0:00:01]} 9. Nbd2 {[%emt 0:00:01]} fxe5 {[%emt 0:00:01]} 10. fxe5 {[%emt 0:00:01]} O-O-O {[%emt 0:00:02]} 11. O-O {[%emt 0:00:01]} Be7 {[%emt 0:00:01]} 12. b3 {[%emt 0:00:01]} h5 {[%emt 0:00:06]} 13. bxc4 {[%emt 0:00:01]} Nh6 {[%emt 0:00:01]} 14. cxd5 {[%emt 0:00:02]} exd5 {[%emt 0:00:02]} 15. h3 {[%emt 0:00:02]} Bg4 {[%emt 0:00:02]} 16. Nb3 {[%emt 0:00:04]} Bxh3 {[%emt 0:00:03]} 17. gxh3 {[%emt 0:00:02]} Nf5 {[%emt 0:00:03]} 18. Bf2 {[%emt 0:00:02]} h4 {[%emt 0:00:02]} 19. Kh2 {[%emt 0:00:01]} Ng3 {[%emt 0:00:01]} 20. Rg1 {[%emt 0:00:03]} Nxe2 {[%emt 0:00:02]} 21. Qxe2 {[%emt 0:00:01]} Bd6 {[%emt 0:00:02]} 22. exd6 {[%emt 0:00:02]} Qxd6+ {[%emt 0:00:01]} 23. Ne5 {[%emt 0:00:01]} Nxe5 {[%emt 0:00:01]} 24. dxe5 {[%emt 0:00:01]} Qc7 {[%emt 0:00:03]} 25. Bd4 {[%emt 0:00:01]} Rde8 {[%emt 0:00:01]} 26. Rg6 {[%emt 0:00:01]} Rhf8 {[%emt 0:00:08]} 27. Rag1 {[%emt 0:00:01]} Rf7 {[%emt 0:00:01]} 28. Qg4+ {[%emt 0:00:02]} Kb8 {[%emt 0:00:02]} 29. Rxg7 {[%emt 0:00:01]} Rxg7 {[%emt 0:00:02]} 30. Qxg7 {[%emt 0:00:01]} Qc4 {[%emt 0:00:02]} 31. Nc5 {[%emt 0:00:02]} Qe2+ {[%emt 0:00:01]} 32. Rg2 {[%emt 0:00:01] Âðåìÿ (Lag: Av=0.31s, max=0.7s)} 1-0

[Event "Stay Safe Play From Home"]
[Site "T#646156Emanuel Laske"]
[Date "2020.05.18"]
[Round "7"]
[White "Tobo Rubirosa"]
[Black "matanant"]
[Result "0-1"]
[WhiteElo "1572"]
[BlackElo "1596"]
[Annotator "NA RC"]
[PlyCount "76"]
[EventDate "2020.05.18"]
[EventType "swiss (blitz)"]

1. e4 {[%emt 0:00:01]} e5 {[%emt 0:00:01]} 2. f4 {[%emt 0:00:03]} d5 {[%emt 0:00:00]} 3. exd5 {[%emt 0:00:02]} e4 {[%emt 0:00:00]} 4. d3 {[%emt 0:00:02]} Nf6 {[%emt 0:00:00]} 5. dxe4 {[%emt 0:00:01]} Nxe4 {[%emt 0:00:01]} 6. Nf3 {[%emt 0:00:01]} Bc5 {[%emt 0:00:04]} 7. Bd3 {[%emt 0:00:09]} Nf2 {[%emt 0:00:03]} 8. Qe2+ {[%emt 0:00:01]} Qe7 {[%emt 0:00:03]} 9. Qxe7+ {[%emt 0:00:02]} Kxe7 {[%emt 0:00:01]} 10. Rf1 {[%emt 0:00:01]} Nxd3+ {[%emt 0:00:01]} 11. cxd3 {[%emt 0:00:02]} Re8 {[%emt 0:00:00]} 12. Nc3 {[%emt 0:00:01]} Kf8+ {[%emt 0:00:01]} 13. Kd1 {[%emt 0:00:01]} Bf5 {[%emt 0:00:02]} 14. Kc2 {[%emt 0:00:01]} Nd7 {[%emt 0:00:03]} 15. Bd2 {[%emt 0:00:00]} Nf6 {[%emt 0:00:05]} 16. Rae1 {[%emt 0:00:01]} Rxe1 {[%emt 0:00:05]} 17. Rxe1 {[%emt 0:00:02]} Rd8 {[%emt 0:00:00]} 18. Ne5 {[%emt 0:00:01]} Nxd5 {[%emt 0:00:03]} 19. Nxd5 {[%emt 0:00:02]} Rxd5 {[%emt 0:00:01]} 20. Bc3 {[%emt 0:00:04]} f6 {[%emt 0:00:02]} 21. Nd7+ {[%emt 0:00:03]} Bxd7 {[%emt 0:00:03]} 22. Re4 {[%emt 0:00:03]} Bf5 {[%emt 0:00:01]} 23. Rc4 {[%emt 0:00:02]} Bxd3+ {[%emt 0:00:02]} 24. Kb3 {[%emt 0:00:01]} Bxc4+ {[%emt 0:00:01]} 25. Kxc4 {[%emt 0:00:00]} Rf5 {[%emt 0:00:04]} 26. g4 {[%emt 0:00:01]} Rxf4+ {[%emt 0:00:03]} 27. Kxc5 {[%emt 0:00:01]} Rxg4 {[%emt 0:00:00]} 28. Bd4 {[%emt 0:00:02]} Rh4 {[%emt 0:00:01]} 29. Kc4 {[%emt 0:00:00]} Rxh2 {[%emt 0:00:02]} 30. Kd3 {[%emt 0:00:00]} Kf7 {[%emt 0:00:01]} 31. Ke4 {[%emt 0:00:01]} Ke6 {[%emt 0:00:00]} 32. Kf3 {[%emt 0:00:00]} g5 {[%emt 0:00:00]} 33. Bc3 {[%emt 0:00:01]} Rc2 {[%emt 0:00:01]} 34. Kg3 {[%emt 0:00:00]} h5 {[%emt 0:00:00]} 35. Kf3 {[%emt 0:00:01]} f5 {[%emt 0:00:00]} 36. Ke3 {[%emt 0:00:00]} Kd5 {[%emt 0:00:00]} 37. Kd3 {[%emt 0:00:00]} Rg2 {[%emt 0:00:00]} 38. Bd4 {[%emt 0:00:06]} c5 {[%emt 0:00:00] Tiempo (Lag: Av=0.84s, max=1.7s)} 0-1

[Event "Stay Safe Play From Home"]
[Site "T#646156Emanuel Laske"]
[Date "2020.05.18"]
[Round "8"]
[White "Little champs"]
[Black "Lazieri3"]
[Result "0-1"]
[WhiteElo "2220"]
[BlackElo "2048"]
[Annotator "TA"]
[PlyCount "60"]
[EventDate "2020.05.18"]
[EventType "swiss (blitz)"]

{[%evp 9,59,20,21,-16,-11,-92,-8,-16,2,-308,-120,-124,-122,-165,-114,-160,-106,-174,-164,-212,-219,-614,-624,-597,-617,-3096,-2808,-6499,-6479,-5166,-3011,-1728,-443,-29979,-29980,-29985,-29986,-29995,-29996,-29996,-29994,-29995,-29994,-29994,-29995,-29995,-29994,-29997,-29998,-29998,-29999,-29999]} 1. d3 c6 2. e4 d5 3. Nc3 dxe4 4. Nxe4 Nd7 5. Nf3 Ngf6 {[#]} 6. Neg5 $146 {B11: Caro-Kann: Two Knights Variation.} ({Predecessor:} 6. Nxf6+ Nxf6 7. g3 Bg4 8. Bg2 e6 9. h3 Bh5 10. O-O Be7 11. Qe2 O-O 12. a3 {1-0 (45) Orlov,A (2848)-Rosner,J (2435) Playchess.com INT 2020}) 6... h6 7. Nh3 (7. Ne4 $11 {remains equal.}) 7... Nb6 (7... e5 $17 8. Be2 Be7) 8. Nf4 $11 {The position is equal.} Bf5 9. Ke2 $2 {[%mdl 8192] [#]} (9. d4 $11) 9... Nbd5 $2 (9... g5 10. Nh3 $19) (9... e5 $1 $19 {[%mdl 512]} 10. Nh3 (10. Nxe5 g5) 10... Bc5) 10. Nxd5 Qxd5 ({Don't play} 10... cxd5 11. c3 $15) 11. Ke1 O-O-O (11... e5 $1 $19 12. c4 Qd8) 12. Be3 {[#]} Ng4 (12... e5 $142 $1 13. c3 Bd6) 13. Qd2 (13. c3 $17) 13... e5 $19 14. h3 Nxe3 15. Qxe3 $2 (15. fxe3 Bc5 16. b4) 15... Bc5 16. Qd2 e4 17. dxe4 Qxe4+ {[%mdl 64] Double Attack} 18. Qe2 Qb4+ 19. c3 Qb6 20. Ne5 f6 (20... Rhe8 $142 21. g4 {[#]} Bxf2+ $1 {[%mdl 576] Deflection} 22. Qxf2 Rxe5+ 23. Be2 Qxb2 {[%mdl 64] Double Attack}) 21. f4 (21. Nc4 $19 Qc7 22. Ne3) 21... fxe5 {Black mates.} 22. g4 exf4 23. Qg2 Rhe8+ 24. Be2 Bd3 25. Kf1 Bxe2+ 26. Qxe2 Rxe2 27. Kxe2 Qc7 28. Rad1 Qe5+ 29. Kf3 Qe3+ 30. Kg2 Qf2# {Accuracy: White = 12%, Black = 53%.} 0-1

[Event "Stay Safe Play From Home"]
[Site "T#646156Emanuel Laske"]
[Date "2020.05.18"]
[Round "8"]
[White "Panini-Peter"]
[Black "Lucknow"]
[Result "1-0"]
[WhiteElo "2047"]
[BlackElo "1829"]
[Annotator "TA"]
[PlyCount "39"]
[EventDate "2020.05.18"]
[EventType "swiss (blitz)"]

{[%evp 22,39,16,-3,20,21,40,21,300,300,357,349,350,353,515,512,509,499,486,484]} 1. d4 d5 2. c4 c6 3. Nf3 e6 4. g3 Nf6 5. Bg2 Be7 6. Nbd2 O-O 7. O-O Nbd7 8. b3 b6 9. Bb2 Bb7 10. Rc1 c5 11. Qc2 Rc8 12. Qb1 cxd4 {E09: Closed Catalan: Main Line: 7 Qc2 c6 8 Nbd2.} 13. Nxd4 Nc5 14. Rfd1 {[#]} Nce4 $146 {[%mdl 8192]} (14... Qd7 $11) ({Predecessor:} 14... Qe8 15. Qa1 dxc4 16. Bxb7 Nxb7 17. Nxc4 Nc5 18. Nf3 Rd8 19. h3 Rxd1+ 20. Rxd1 Qc6 {1-0 (47) Heinrich,J (1988)-Ruane,C (1946) Antalya 2017}) 15. Nxe4 $18 dxe4 {[#]} 16. Nxe6 $1 {[%mdl 576] Double Attack, Discovered Attack} Qe8 (16... fxe6 17. Rxd8) 17. Nxf8 Qxf8 (17... Bxf8 $142 18. Bh3 Rc5) 18. Bxf6 {White is clearly winning.} Bxf6 19. Bxe4 Bxe4 20. Qxe4 {Black got outplayed after the opening} 1-0

[Event "Stay Safe Play From Home"]
[Site "T#646156Emanuel Laske"]
[Date "2020.05.18"]
[Round "8"]
[White "Haxhi Baha"]
[Black "Don59as"]
[Result "0-1"]
[WhiteElo "1961"]
[BlackElo "2078"]
[Annotator "NA RC"]
[PlyCount "74"]
[EventDate "2020.05.18"]
[EventType "swiss (blitz)"]

1. e4 {[%emt 0:00:01]} e5 {[%emt 0:00:01]} 2. Nf3 {[%emt 0:00:01]} Nc6 {[%emt 0:00:01]} 3. Bc4 {[%emt 0:00:01]} d6 {[%emt 0:00:01]} 4. d4 {[%emt 0:00:01]} exd4 {[%emt 0:00:01]} 5. Nxd4 {[%emt 0:00:01]} Nf6 {[%emt 0:00:01]} 6. Nc3 {[%emt 0:00:01]} Be7 {[%emt 0:00:01]} 7. Be3 {[%emt 0:00:01]} O-O {[%emt 0:00:01]} 8. h3 {[%emt 0:00:00]} Bd7 {[%emt 0:00:01]} 9. Qd2 {[%emt 0:00:01]} a6 {[%emt 0:00:00]} 10. O-O-O {[%emt 0:00:01]} b5 {[%emt 0:00:01]} 11. Bd3 {[%emt 0:00:02]} Nxd4 {[%emt 0:00:02]} 12. Bxd4 {[%emt 0:00:01]} c5 {[%emt 0:00:01]} 13. Be3 {[%emt 0:00:04]} b4 {[%emt 0:00:04]} 14. Nd5 {[%emt 0:00:01]} Nxd5 {[%emt 0:00:01]} 15. exd5 {[%emt 0:00:00]} Bf6 {[%emt 0:00:01]} 16. Kb1 {[%emt 0:00:02]} Bb5 {[%emt 0:00:02]} 17. Qe2 {[%emt 0:00:04]} Rc8 {[%emt 0:00:04]} 18. Bc4 {[%emt 0:00:01]} Bxc4 {[%emt 0:00:02]} 19. Qxc4 {[%emt 0:00:00]} a5 {[%emt 0:00:00]} 20. g4 {[%emt 0:00:01]} a4 {[%emt 0:00:01]} 21. h4 {[%emt 0:00:01]} a3 {[%emt 0:00:01]} 22. g5 {[%emt 0:00:03]} Bxb2 {[%emt 0:00:02]} 23. h5 {[%emt 0:00:01]} Re8 {[%emt 0:00:02]} 24. g6 {[%emt 0:00:01]} fxg6 {[%emt 0:00:03]} 25. hxg6 {[%emt 0:00:00]} hxg6 {[%emt 0:00:02]} 26. Qh4 {[%emt 0:00:04]} Qxh4 {[%emt 0:00:02]} 27. Rxh4 {[%emt 0:00:02]} Re5 {[%emt 0:00:02]} 28. Rg4 {[%emt 0:00:01]} Kf7 {[%emt 0:00:01]} 29. Rdg1 {[%emt 0:00:01]} Rxd5 {[%emt 0:00:03]} 30. Rxg6 {[%emt 0:00:07]} Rh8 {[%emt 0:00:01]} 31. Bc1 {[%emt 0:00:04]} Bc3 {[%emt 0:00:02]} 32. Be3 {[%emt 0:00:04]} Rh4 {[%emt 0:00:01]} 33. R6g3 {[%emt 0:00:02]} Re4 {[%emt 0:00:01]} 34. Kc1 {[%emt 0:00:01]} Rf5 {[%emt 0:00:01]} 35. Kd1 {[%emt 0:00:01]} Bf6 {[%emt 0:00:01]} 36. Ke2 {[%emt 0:00:01]} c4 {[%emt 0:00:00]} 37. Kd2 {[%emt 0:00:02]} Re6 {[%emt 0:00:00] Time (Lag: Av=0.79s, max=1.7s)} 0-1

[Event "Stay Safe Play From Home"]
[Site "T#646156Emanuel Laske"]
[Date "2020.05.18"]
[Round "8"]
[White "Tavares"]
[Black "Haris kollari 13"]
[Result "0-1"]
[WhiteElo "1696"]
[BlackElo "1673"]
[Annotator "NA RC"]
[PlyCount "46"]
[EventDate "2020.05.18"]
[EventType "swiss (blitz)"]

1. d4 {[%emt 0:00:06]} e6 {[%emt 0:00:00]} 2. c4 {[%emt 0:00:01]} d5 {[%emt 0:00:00]} 3. Nf3 {[%emt 0:00:01]} c6 {[%emt 0:00:00]} 4. g3 {[%emt 0:00:00]} f5 {[%emt 0:00:01]} 5. Bg2 {[%emt 0:00:01]} Nf6 {[%emt 0:00:00]} 6. O-O {[%emt 0:00:00]} Bd6 {[%emt 0:00:01]} 7. b3 {[%emt 0:00:00]} Bd7 {[%emt 0:00:01]} 8. Ba3 {[%emt 0:00:01]} Qe7 {[%emt 0:00:02]} 9. Bxd6 {[%emt 0:00:03]} Qxd6 {[%emt 0:00:01]} 10. Nc3 {[%emt 0:00:00]} O-O {[%emt 0:00:01]} 11. Ne5 {[%emt 0:00:01]} h6 {[%emt 0:00:01]} 12. f3 {[%emt 0:00:01]} g5 {[%emt 0:00:01]} 13. e4 {[%emt 0:00:01]} dxc4 {[%emt 0:00:04]} 14. Nxc4 {[%emt 0:00:02]} Qe7 {[%emt 0:00:02]} 15. Ne5 {[%emt 0:00:01]} Be8 {[%emt 0:00:01]} 16. d5 {[%emt 0:00:02]} exd5 {[%emt 0:00:03]} 17. exd5 {[%emt 0:00:03]} Qxe5 {[%emt 0:00:01]} 18. f4 {[%emt 0:00:02]} Qxc3 {[%emt 0:00:02]} 19. Rc1 {[%emt 0:00:04]} Qb4 {[%emt 0:00:04]} 20. d6 {[%emt 0:00:02]} Bd7 {[%emt 0:00:02]} 21. Re1 {[%emt 0:00:02]} g4 {[%emt 0:00:03]} 22. Re7 {[%emt 0:00:01]} a5 {[%emt 0:00:03]} 23. Qd2 {[%emt 0:00:02]} Qxd2 {[%emt 0:00:08] Tavares resigns (Lag: Av=0.55s, max=0.6s)} 0-1